Electronic devices and circuit theory / (رقم التسجيلة. 31147)
[ عرض عادي ]
| 000 -الفاتح | |
|---|---|
| حقل البيانات ثابتة الطول | 00868cam a2200253 a 4500 |
| 001 - رقم الضبط | |
| رقم الضبط | 17134067 |
| 003 - محدد رقم الضبط | |
| رقم الضبط | OSt |
| 005 - وقت وتاريخ اخر تعامل مع التسجيلة | |
| رقم الضبط | 20150408114142.0 |
| 008 - عناصر البيانات ثابتة الطول - معلومات عامة | |
| حقل البيانات ثابتة الطول | 120125s2013 njua 000 0 eng |
| 020 ## - الرقم الدولى المعيارى للكتب | |
| الرقم الدولى المعيارى للكتاب | 9780133058017 |
| 040 ## - مصدر الفهرسة | |
| وكالة الفهرسة الأصلية | DLC |
| وكالة النسخ | DLC |
| وكالة التعديل | DLC |
| 082 00 - رقم تصنيف ديوى العشرى | |
| رقم التصنيف | 621.3815 |
| رقم الطبعة | 23 |
| رقم المادة | BRE |
| 100 1# - المدخل الرئيسى - إسم شخصى | |
| الإسم الشخصى | Boylestad, Robert L. |
| 245 10 - بيان العنوان | |
| العنوان | Electronic devices and circuit theory / |
| بيان المسئوليه,etc | Robert L. Boylestad, Louis Nashelsky. |
| 250 ## - بيان الطبعة | |
| بيان الطبعة | 11th ed. |
| 260 ## - PUBLICATION, DISTRIBUTION, ETC. (IMPRINT) | |
| مكان الناشر او الموزع | Upper Saddle River, N.J. : |
| اسم الناشر او الموزع | Pearson Prentice Hall, |
| تاريخ النشر أو التوزيع | c2013. |
| 300 ## - الوصف المادى | |
| التعداد | xviii, 906 p. : |
| تفاصيل ماديه اخرى للوعاء | ill. ; |
| أبعاد الوعاء | 29 cm. |
| 650 #0 - المدخل الاضافى بالموضوع-مصطلح موضوعى | |
| مصطلح موضوعي أو اسم جغرافي كعنصر مدخل | Electronic circuits |
| 9 (RLIN) | 5292 |
| 650 #0 - المدخل الاضافى بالموضوع-مصطلح موضوعى | |
| مصطلح موضوعي أو اسم جغرافي كعنصر مدخل | Electronic apparatus and appliances |
| 700 1# - المدخل الاضافى - اسم شخصى | |
| الإسم الشخصى | Nashelsky, Louis. |
| 9 (RLIN) | 5294 |
| 906 ## - عنصر بيانات محلى F, LDF (RLIN) | |
| a | 7 |
| b | cbc |
| c | orignew |
| d | 1 |
| e | ecip |
| f | 20 |
| g | y-gencatlg |
| 942 ## - عناصر المدخل الإضافي( كوها) | |
| مصدر التصنيف او مخطط الترفيف | Dewey Decimal Classification |
| Koha [default] item type | كتاب |
| حالة الفقد | نموذج السعر الفعال | حالة تلف | ليس للاعارة | رقم الطلب | رقم النسخة | تاريخ الاكتساب | الموقع الحالي | الباركود | الفرع الرئيسي | Date last seen | نوع المادة فى نظام كوها | مصدر التصنيف او خطة الترفيف | Total Checkouts | Date last checked out |
|---|---|---|---|---|---|---|---|---|---|---|---|---|---|---|
| 2013-10-20 | Not For Loan | 621.3815 BRE | 1 | 2013-10-20 | المكتبة المركزية بالمجمعة (CL) | 00206756 | المكتبة المركزية بالمجمعة (CL) | 2013-10-20 | كتاب | Dewey Decimal Classification | ||||
| 2013-10-20 | 621.3815 BRE | 2 | 2013-10-20 | المكتبة المركزية بالمجمعة (CL) | 00206755 | المكتبة المركزية بالمجمعة (CL) | 2013-10-20 | كتاب | Dewey Decimal Classification | |||||
| 2013-10-20 | 621.3815 BRE | 3 | 2013-10-20 | المكتبة المركزية بالمجمعة (CL) | 00206754 | المكتبة المركزية بالمجمعة (CL) | 2013-10-20 | كتاب | Dewey Decimal Classification | |||||
| 2015-02-16 | 621.3815 BRE | 2015-02-16 | المكتبة المركزية بالمجمعة (CL) | 00136726 | مكتبة مجمع الكليات بالزلفى - طلاب (SZM) | 2021-06-20 | كتاب | Dewey Decimal Classification | 1 | 2020-02-12 | ||||
| 2015-02-16 | 621.3815 BRE | 2015-02-16 | مكتبة مجمع الكليات بالزلفى - طلاب (SZM) | 00136727 | مكتبة مجمع الكليات بالزلفى - طلاب (SZM) | 2015-02-16 | كتاب | Dewey Decimal Classification |
